| 000 | 00998cam a22002894a 4500 | ||
|---|---|---|---|
| 999 |
_c532975 _d532975 |
||
| 001 | 16501426 | ||
| 003 | NUST | ||
| 005 | 20191209131556.0 | ||
| 008 | 101014s2010 enkab d 000 0 eng | ||
| 010 | _a 2010513759 | ||
| 020 | _a9781843118824 | ||
| 038 | _aMSOHAIL | ||
| 040 |
_aDLC _cDLC _dDLC |
||
| 050 | 0 | 0 |
_aVK235 _b.B68 2010 |
| 082 | 0 | 0 |
_a623.8881 _222 |
| 100 | 1 |
_aBrodie, Peter R., _d1947- _926621 |
|
| 245 | 1 | 0 |
_aIllustrated dictionary of cargo handling / _cby Peter R. Brodie. |
| 250 | _a3rd ed. | ||
| 260 |
_aLondon : _bLloyd's List, _c2010 |
||
| 300 |
_axxiv, 199 p. : _bill., maps ; _c25 cm. |
||
| 500 | _aMaps on lining papers. | ||
| 650 | 0 |
_aCargo handling _vDictionaries. _926622 |
|
| 650 | 0 |
_aCargo handling _xEquipment and supplies _vDictionaries. _926623 |
|
| 906 |
_a7 _bcbc _corignew _d2 _encip _f20 _gy-gencatlg |
||
| 942 |
_2ddc _cBK |
||